000 00460nam a2200157 4500
001 118061
003 ES-MaACL
005 20230906191025.0
007 t|
008 070214s1972 sp r ||||1| spa d
100 1 _aPella, Ramón.
_990050
245 1 4 _aLos contratos de licencia de explotación de patentes y los `Royaltys` /
_cRamón Pella.
260 _aBarcelona :
_bBosch,
_c1972.
300 _a129 p. ;
_c17 cm.
852 _aES-MaACL
_jC-48692
_bR.80788
999 _c118061
_d118061